00271nam a2200109Ia 4500008004100000041000800041082001000049100001500059245004100074260002600115650002000141220524s9999 xx 000 0 und d aeng a372.6 aShingan N. aNutan English Grammer & Conversation bNew Shigan Pub.c2012 aEnglish Grammer